Diccionario de eclesiología / (Record n. 32946)
[ formato base ]
| 000 -LEADER | |
|---|---|
| fixed length control field | 01243nam a2200325 i 4500 |
| 003 - CONTROL NUMBER IDENTIFIER | |
| control field | IT-RoINE |
| 005 - DATE AND TIME OF LATEST TRANSACTION | |
| control field | 20191127102935.0 |
| 008 - FIXED-LENGTH DATA ELEMENTS--GENERAL INFORMATION | |
| fixed length control field | 100223s2016 sp rd 001 | spa d |
| 020 ## - INTERNATIONAL STANDARD BOOK NUMBER | |
| International Standard Book Number | 9788831193429 |
| 040 ## - CATALOGING SOURCE | |
| Original cataloging agency | IT-RoINE |
| 041 ## - LANGUAGE CODE | |
| Language code of text/sound track or separate title | spa |
| Language code of original and/or intermediate translations of text | ita |
| 240 10 - UNIFORM TITLE | |
| Uniform title | Dizionario di ecclesiologia. |
| Language of a work | Español |
| 245 00 - TITLE STATEMENT | |
| Title | Diccionario de eclesiología / |
| Statement of responsibility, etc | Gianfranco Calabrese, Philip Goyret, Orazio Francesco Piazza (eds.) ; José R. Villar coordinador de la edición española. |
| 260 ## - PUBLICATION, DISTRIBUTION, ETC. (IMPRINT) | |
| Place of publication, distribution, etc | Madrid : |
| Name of publisher, distributor, etc | Biblioteca de Autores Cristianos, |
| Date of publication, distribution, etc | 2016. |
| 300 ## - PHYSICAL DESCRIPTION | |
| Extent | XXXIII, 1622 p. ; |
| Dimensions | 23 cm. |
| 336 ## - CONTENT TYPE | |
| Source | rdacontent |
| Content type term | text |
| 337 ## - MEDIA TYPE | |
| Source | rdamedia |
| Media type term | unmediated |
| 338 ## - CARRIER TYPE | |
| Source | rdacarrier |
| Carrier type term | volume |
| 490 #0 - SERIES STATEMENT | |
| Series statement | Biblioteca de Autores Cristianos. |
| -- | Maior ; |
| Volume number/sequential designation | 120 |
| 500 ## - GENERAL NOTE | |
| General note | Traducción de: Dizionario di ecclesiologia. |
| 500 ## - GENERAL NOTE | |
| General note | Incluye índices. |
| 504 ## - BIBLIOGRAPHY, ETC. NOTE | |
| Bibliography, etc | Bibliografía al final de cada entrada. |
| 650 #4 - SUBJECT ADDED ENTRY--TOPICAL TERM | |
| Topical term or geographic name as entry element | Eclesiología |
| Form subdivision | Diccionarios |
| 9 (RLIN) | 35137 |
| 700 1# - ADDED ENTRY--PERSONAL NAME | |
| Personal name | Calabrese, Gianfranco, |
| Dates associated with a name | 1961- |
| 9 (RLIN) | 35138 |
| 700 1# - ADDED ENTRY--PERSONAL NAME | |
| Personal name | Goyret, Philip, |
| Dates associated with a name | 1956- |
| 9 (RLIN) | 35139 |
| 700 1# - ADDED ENTRY--PERSONAL NAME | |
| Personal name | Piazza, Orazio Francesco, |
| Dates associated with a name | 1953- |
| 9 (RLIN) | 35140 |
| 700 1# - ADDED ENTRY--PERSONAL NAME | |
| Personal name | Villar, José R., |
| Dates associated with a name | 1958- |
| 9 (RLIN) | 21349 |
| 830 #0 - SERIES ADDED ENTRY--UNIFORM TITLE | |
| 9 (RLIN) | 15831 |
| Uniform title | Biblioteca de Autores Cristianos. |
| Name of part/section of a work | Maior ; |
| Volume number/sequential designation | 120 |
| 942 ## - ADDED ENTRY ELEMENTS (KOHA) | |
| Item type | Monografías |
| Withdrawn status | Lost status | Damaged status | Not for loan | Home library | Current library | Date acquired | Total Checkouts | Full call number | Barcode | Date last seen | Price effective from | Koha item type |
|---|---|---|---|---|---|---|---|---|---|---|---|---|
| Iglesia Nacional Española en Roma | Iglesia Nacional Española en Roma | 27/11/2019 | COL.A 18.120 | 60166 | 27/11/2019 | 27/11/2019 | Monografías |